Quizzes
Events
Quiz Creation
Community
Videos
Private Events
Remove Ads
Sign In
Join for FREE
Feedback
Dark Mode
Quiz Categories
Sports
Geography
Music
Movies
Television
Just For Fun
Miscellaneous
History
Literature
Language
Science
Gaming
Entertainment
Religion
Holiday
For Kids
Quiz Lab
Recent
Popular Today
Quiz Kudos Today
Editor Picks
Curator Picks
Quizzes by...
Day
Popularity
Type
Ratings
Length
Year
Community
Subscriptions
Recent Discussions
Orange Saloon
Badges
Playlists
Quests
Create
Leaderboards
Showdown
Live 5
Trivia Bingo
Activity
Puzzle Library
Sporcle Events
Private Events
Virtual Trivia
Globe League
Become a Host
Pub Owners
SporcleCon
Opinionation
Our Games
Videos
Blog
Mobile Apps
Partnerships
Remove Ads and Go Orange
Feedback
Literature
Harry Potter
A Song of Ice and Fire
The Hunger Games
Literary Character
Shakespeare
Book
Author
Novel
Poem
Young Adult
Children's Books
Play
Lord of the Rings
Literature
Harry Potter
A Song of Ice and Fire
The Hunger Games
Literary Character
Shakespeare
Book
Author
Novel
Poem
Young Adult
Children's Books
Play
Lord of the Rings
Random Quiz
Search Sporcle
×
Quiz Lab
Quiz Lab
Literature
King
Type in answers that appear in a list
Type in answers that appear in a list
Classic
Best Score? Go Orange.
King Lear Stats
Can you name the King Lear?
By
cvranich
4m
31 Questions
231 Plays
231 Plays
231 Plays
Comments
Comments
Give Quiz Kudos
Give Quiz Kudos
-
- Ratings
hide this ad
Replay
Link that replays current quiz
Next Quiz
Link to next quiz in quiz playlist
You Got
0%
They Got
Avg Score
82%
Avg Friend Score
Upgrade to see
Score Distribution
Jump to the score distribution portion of the page
Score
0/31
Timer
04:00
0
Plays Today
question
% Correct
Lear divides his _
_
_
in the opening scene
land
98.7%
Conspires to kill Albany
Goneril
98.7%
she's the oldest daughter
Goneril
98.3%
she's the middle daughter
Regan
98.3%
Lear curses this daughter
Goneril
98.3%
Poisons her sister
Goneril
98.3%
Commits suicide
Goneril
98.3%
she's the youngest daughter
Cordelia
97.8%
Her death is made to look like a suicide
Cordelia
97.8%
the illegitimate son of Gloucester
Edmund
96.5%
Betrays his brother
Edmund
96.5%
Goneril and Regan both want
Edmund
96.5%
the legitimate son of Gloucester
Edgar
96.1%
Lear's trusty servant who is exiled
Kent
94.8%
Defends Lear and is put in stocks
Kent
94.8%
He's married to Goneril
Albany
93.1%
question
% Correct
Goes to a cliff to kill himself
Gloucester
93.1%
Is alive to run the country
Albany
93.1%
Goes into the storm in a fit of anger
Lear
91.8%
Agrees to marry Cordelia with no dowry
France
91.3%
He's married to Regan
Cornwall
88.7%
Blinds Gloucester
Cornwall
88.7%
Is injured by a servant, later dies
Cornwall
88.7%
Tells Lear the truth about his behavior
Fool
83.1%
Refuses to marry Cordelia with no dowry
Burgundy
81%
Goneril's servant
Oswald
81%
Two people who are 'blind'
Lear and Gloucester
38.5%
Wants Lear to get rid of half of these
servants
31.6%
Dies of a broken heart
King Lear
29%
One of Lear's tragic flaws
hubris
22.9%
Edgar disguises himself as
Thomas a Beggar
2.6%
Quiz Playlist
Details
Report
Send in Message
Add To Playlist
Classic:
Type in answers that appear in a list
Last Updated: Feb 16, 2017
Quiz Scoreboard
CHALLENGE
Sign Up to Join the Scoreboard
Show All
Scores
Hide
Comments
May contain spoilers
Recently Published
Presidents Visiting Landmarks
by Hejman
History
7m
An Introduction to Baseball
by treessimontrees
Sports
5m
Movies - When Are They Set?
by FPL_Elf
Movies
5m
More to Explore
Quiz From the Vault
Featured Blog Post
Where Did the Easter Bunny Come From?
hide this ad
You Might Also Like...
Tags
King
lear
Today's Top Quizzes in Literature
Browse Literature
hide this ad
Today's Top Quizzes in King
Browse King
Top Contributed Quizzes in Literature
1
Sneaky Slytherin Logic Puzzle
2
Get The Picture: Black or White Literature
3
A Court of Thorns and Roses (ACoTaR) Logic Puzzle
4
5-to-1: Plays
5
One Thing in Common: Literature
6
One Thing in Common: Literature 3
7
One Thing in Common: Literature II
8
Harry Potter Neighbourly Logic Puzzle #5
9
One Thing in Common: Books
10
Harry Potter Neighbourly Logic Puzzle #6
Explore More
Trending Topics
NBA
Harry Potter
Marvel
Crossword
Anime
Kpop
Disney
Puzzle
Soccer
Pokémon
Song
The Office
WWE
Country
NFL
hide this ad
More By:
cvranich
Quiz
Plays
Rating
Category
Featured
Created
Jane Eyre
817
1.00
Literature
Sep 11, 2010
Brave New World
680
2.00
Literature
May 25, 2010
Frankenstein
524
1.67
Literature
Sep 10, 2010
The Importance of Being Earnest
442
1.50
Literature
May 25, 2010
A Doll's House
358
2.00
Literature
May 21, 2010
Go to Creator's Profile
Score Distribution
Quiz Creator Spotlight
cvranich
Follow
Send a Message
Quizzes Created
-
Created Quiz Play Count
-
More By This Creator
Popular Quizzes Today
1
Find the US States - No Outlines Minefield
2
Find the Countries of Europe - No Outlines Minefield
3
The Countries of the World
4
Find the US States
5
Popular People in 1961
6
US States
7
Risky Map Clicking: Biggest States A-Z
8
Movies - When Are They Set?
More Literature Quizzes
Fictional Characters by Description II
Published
Trending Quizzes
Risky Map Clicking: Least Populous States A-Z
1-10 Letter G Words
1-10 Letter F Words
Risky Map Clicking: Next State Alphabetically
Risky Map Clicking: Biggest States A-Z
Recently Updated
Leaping Animals
pecheneg
Reality TV Shows (A-Z)
bhenderson79
Rickey Henderson's Hall of Fame Teammates
pecheneg
Champions League XIs: Arsenal
pecheneg
Quick Pick: Celebrities in WWE's Hall of Fame
aduchscher
A-Z Keypad Blitz II
pecheneg
Multiple Oscar Actors
pecheneg
Mystery Phrase Blitz: Oscar 'Best Actors'
pecheneg
F. Scott Fitzgerald Novels
LTH
Pick 3 Villains
ddd62291
Trending Topics
Marvel
NBA
Kpop
Crossword
Harry Potter
Disney
Anime
Soccer
WWE
Pokémon
NFL
Country
Puzzle
The Office
Song
Your Account Isn't Verified!
In order to create a playlist on Sporcle, you need to verify the email address you used during registration. Go to your
Sporcle Settings
to finish the process.
Report this User
Report this user for behavior that violates our
Community Guidelines
.
Details:
Send Report
Go to the Sporcle.com Mobile Site →
Comments